| 000 | 00643nam a2200205Ii 4500 | ||
|---|---|---|---|
| 001 | 6862 | ||
| 003 | CO-ViMGA | ||
| 008 | 241108s9999||||xx |||||||||||||| ||und|| | ||
| 040 |
_aCO-ViMGA _bspa _erda _cCO-ViMGA |
||
| 041 | 0 | _aunk | |
| 082 | 0 | 4 | _a864.8-D336 |
| 100 | 1 |
_aAngel Del Río _953502 |
|
| 245 | 1 | 0 |
_a<El> concepto contemporáneo de España : _bantología de ensayos [1895-1931] |
| 264 | 1 | _a[Lugar de publicación no identificado] : Losada, 1946 | |
| 300 | _avolumen | ||
| 336 |
_atext _btxt _2rdacontent |
||
| 337 |
_aunmediated _bn _2rdamedia |
||
| 338 |
_avolume _bnc _2rdacarrier |
||
| 940 | _aidficha_siabuc: 6705. -- ficha_no_siabuc:6862 | ||
| 999 |
_c50155 _d50155 |
||